00435nam a2200121Ia 4500003000400000005001700004008004100021040001800062041000800080100005200088245013700140260003600277OSt20260114110207.0211028s2012 xx 000 0 und d cAIMIT LIBRARY aeng aJohn, Macwan Priyanka; Achar, Sumitha.g1016021 aA study to analyse the relaunch of the cardamom restaurant as an authentic mangalorean cuisine restaurant at taj gateway Mangalore / aMangalorebAchar, Sumithac2012